| 000 | 01005nam a22002417a 4500 | ||
|---|---|---|---|
| 003 | AR-RoUNCS | ||
| 005 | 20260326114828.0 | ||
| 008 | 260326s2018 ag ||||| |||| 00| 0 spa d | ||
| 020 | _a978-987-1026-38-8 | ||
| 040 |
_cAR-RoUNCS _aAR-RoUNCS |
||
| 080 | _082-1 | ||
| 245 | 0 | 3 |
_aEl árbol florido : _b50 poemas clásicos de Latinoamérica y España. |
| 250 | _a1a ed. | ||
| 260 |
_aSanta Fe : _bMinisterio de Educación de la Provincia de Santa Fe, _c2018. |
||
| 300 |
_a108 p. ; _c25 cm. |
||
| 490 | 0 | _aColección Redes de Tinta | |
| 520 | 3 | _aDespués de leer un libro se transforma lo que sabemos, lo que creemos, lo que sentimos sobre cada pedacito del mundo. Aun en un acto individual de la lectura hay un sentido colectivo que se fortalece, moviliza el encuentro con otros para compartirla. (Nota del editor) | |
| 650 | 7 |
_aLiteratura clásica _2embne |
|
| 650 | 7 |
_aLiteratura hispanoamericana _2embne |
|
| 650 | 7 |
_aLiteratura española _2embne |
|
| 655 | 7 |
_2embne _aPoesías |
|
| 942 |
_2udc _cOG _n0 |
||
| 999 |
_c979 _d979 |
||